Statistics for Tokyo Metro Fukutoshin Line Stations

Click here to take the quiz!

General Stats

  • This quiz has been taken 77 times
  • The average score is 12 of 16

Answer Stats

Station NumberStation% Correct
F09Ikebukuro
96%
F16Shibuya
96%
F13Shinjuku-sanchome
93%
F01Wakōshi
86%
F12Higashi-Shinjuku
82%
F14Kita-sandō
79%
F15Meiji-jingūmae
79%
F10Zōshigaya
79%
F11Nishi-waseda
71%
F06Kotake-mukaihara
68%
F02Chikatetsu-narimasu
64%
F03Chikatetsu-akatsuka
61%
F08Kanamecho
61%
F07Senkawa
61%
F04Heiwadai
57%
F05Hikawadai
57%

Score Distribution

Percentile by Number Answered

Percent of People with Each Score

Your Score History

You have not taken this quiz